| 000 | 00649cam a22002411 4500 | ||
|---|---|---|---|
| 001 | sa 65001232 | ||
| 003 | DLC | ||
| 005 | 20260227112108.0 | ||
| 008 | 890825s1963 ii h b 000 0 maro | ||
| 010 | _asa 65001232 | ||
| 035 | _a(OCoLC)20255388 | ||
| 040 |
_aDLC _cWaU _dDLC |
||
| 042 | _apremarc | ||
| 043 | _aa-ii--- | ||
| 050 | 0 | 0 |
_aPK2915 _b.W3 |
| 100 | 1 |
_aVarṇekara, Śrīdhara Bhāskara, _d1919- |
|
| 245 | 1 | 0 | _aĀrvācīna Sāskr̥ta sāhitya. |
| 260 | _c[1963] | ||
| 300 |
_a22, 560 p. _bfacsim. _c24 cm. |
||
| 500 | _aIn Marathi. | ||
| 504 | _aBibliography: p. 531-534. | ||
| 650 | 0 |
_aSanskrit literature _xHistory and criticism. |
|
| 999 |
_c61969 _d61969 |
||